Statistics for NCAA Tournament Teams 2015

Click here to take the quiz!

General Stats

  • This quiz has been taken 5,378 times
  • The average score is 36 of 68

Answer Stats

RegionSeedTeam% Correct
Midwest1Kentucky
95%
South1Duke
94%
West4North Carolina
87%
Midwest2Kansas
85%
West1Wisconsin
83%
East7Michigan State
81%
South11UCLA
80%
West2Arizona
79%
Midwest11Texas
78%
East1Villanova
78%
South7Iowa
76%
East2Virginia
76%
East10Georgia
74%
South2Gonzaga
72%
West10Ohio State
72%
East3Oklahoma
72%
West8Oregon
71%
South3Iowa State
69%
East8NC State
68%
East4Louisville
67%
West3Baylor
66%
Midwest10Indiana
66%
Midwest3Notre Dame
66%
Midwest4Maryland
61%
Midwest7Wichita State
59%
East9LSU
58%
West13Harvard
57%
South5Utah
57%
Midwest5West Virginia
57%
Midwest9Purdue
56%
South4Georgetown
55%
West9Oklahoma State
55%
West5Arkansas
54%
Midwest6Butler
54%
West14Georgia State
52%
West11Ole Miss
52%
Midwest8Cincinnati
51%
East11Dayton
50%
West6Xavier
48%
West11BYU
45%
West7VCU
45%
South8San Diego State
43%
South14UAB
43%
South6SMU
42%
Midwest16Hampton
39%
East5Northern Iowa
39%
East6Providence
38%
Midwest15New Mexico State
36%
South9St. John's
36%
East12Wyoming
35%
Midwest12Buffalo
34%
South10Davidson
33%
East11Boise State
32%
South12Stephen F. Austin
31%
Midwest13Valparaiso
29%
South13Eastern Washington
28%
South15North Dakota State
28%
West12Wofford
28%
East14Albany
27%
West16Coastal Carolina
26%
Midwest16Manhattan
26%
Midwest14Northeastern
26%
South16Robert Morris
26%
East13UC Irvine
25%
East15Belmont
24%
East16Lafayette
21%
West15Texas Southern
21%
South16North Florida
20%

Score Distribution

Percentile by Number Answered

Percent of People with Each Score

Your Score History

You have not taken this quiz